Pla jove : memòria 1995-1999 memòria 1995-1999
Descripción Física:
148 p. : gràfics ; 30 cm
MARC
| LEADER | 00000nam a2200000Ia 4500 | ||
|---|---|---|---|
| 001 | 16368 | ||
| 008 | 160829s9999 xx 000 0 cat d | ||
| 080 | |a S-1-202 | ||
| 110 | 1 | |a Barcelona (Catalunya : Província). |b Oficina del Pla Jove |9 52707 | |
| 245 | |a Pla jove : |b memòria 1995-1999 | ||
| 260 | |a [Barcelona] : |b Diputació de Barcelona. Oficina del Pla Jove, [1999?] | ||
| 300 | |a 148 p. : |b gràfics ; |c 30 cm | ||
| 500 | 9 | 0 | |a Hi ha un duplicat: 866 caixa 21 (PDL) |
| 610 | 1 | 0 | |a Barcelona (Catalunya : Província). |b Oficina del Pla Jove |9 52707 |
| 901 | |a Arxiu | ||
| 942 | |n 1 |2 udc | ||
| 952 | |0 0 |1 0 |4 0 |6 S1202 |7 1 |9 47728 |a Arxiu |b Arxiu |d 2016-12-01 |l 0 |o S-1-202 |p 16368 |r 2016-12-01 00:00:00 |w 2016-12-01 |y ARXIU | ||
| 999 | |c 51527 |d 51527 | ||